000 00699nam a2200289Ia 4500
005 20260324113116.0
008 008 260324s9999 xx 000 0 eng d
020 _a9781003515975
037 _aEBOOK
040 _aCRL
040 _beng
040 _cCRL
041 _2eng
041 _aeng
084 _qCRL
100 _aBala Ramulu Chinnala
_91145453
245 0 _aDevelopment Strategies and Governance in India
245 0 _bPredicaments and Challenges
260 _bTaylor and Francis
260 _c2024
365 _a
365 _b240
856 _uhttp://www.taylorfrancis.com/books/9781003515975
942 _cEBOOK
999 _c1734934
_d1734934